The ecological rationality of mechanisms evolved to make up minds (Record no. 44556)

000 -LEADER
fixed length control field 01045pab a2200169 454500
008 - FIXED-LENGTH DATA ELEMENTS--GENERAL INFORMATION
fixed length control field 180718b2000 xxu||||| |||| 00| 0 eng d
100 ## - MAIN ENTRY--PERSONAL NAME
Personal name Todd, Peter M.
245 ## - TITLE STATEMENT
Title The ecological rationality of mechanisms evolved to make up minds
260 ## - PUBLICATION, DISTRIBUTION, ETC.
Date of publication, distribution, etc. 2000
300 ## - PHYSICAL DESCRIPTION
Extent p.940-56
362 ## - DATES OF PUBLICATION AND/OR SEQUENTIAL DESIGNATION
Dates of publication and/or sequential designation Mar
520 ## - SUMMARY, ETC.
Summary, etc. Selective pressures favoring rapid decisions would have led to the evolution of simple decision-making mechanisms that could take the form of heuristics and rules that use as little available information as possible. Such decision heuristics can only be ecologically rational - yielding accurate inferences in particular problem domains - if they exploit the way that information is structured in the environment. The author presents a variety of fast and frugal heuristics that are ecologically rational and shows how they can be organized in the mind's adaptive toolbox of decision-making strategies. - Reproduced
650 ## - SUBJECT ADDED ENTRY--TOPICAL TERM
Topical term or geographic name entry element Psychology
650 ## - SUBJECT ADDED ENTRY--TOPICAL TERM
Topical term or geographic name entry element Decision making
773 ## - HOST ITEM ENTRY
Main entry heading American Behavioral Scientist
909 ## -
-- 44556
Holdings
Withdrawn status Lost status Damaged status Not for loan Permanent Location Current Location Date acquired Serial Enumeration / chronology Barcode Date last seen Price effective from Koha item type
        Indian Institute of Public Administration Indian Institute of Public Administration 2018-07-19 Volume no: 43, Issue no: 6 AR44967 2018-07-19 2018-07-19 Articles

Powered by Koha